| 000 | 00818aam a2200313 4500 | ||
|---|---|---|---|
| 005 | 20251114111912.0 | ||
| 008 | 150717b1998 xxu||||| |||| 00| 0 spa d | ||
| 020 | _a8483220091 | ||
| 041 | _aESP | ||
| 082 | _a512.5 S238p | ||
| 100 |
_aSanz, Paloma _915130 |
||
| 100 |
_aVázquez, Francisco José _915131 |
||
| 100 |
_aOrtega, Pedro _915132 |
||
| 245 | _aProblemas de álgebra lineal: cuestiones, ejercicios y tratamiento en Derive | ||
| 260 | _aEspaña | ||
| 260 | _bPearson Educación | ||
| 260 | _c1998 | ||
| 300 | _a543 páginas | ||
| 490 | _aElectrónica | ||
| 650 | _aÁLGEBRA LINEAL | ||
| 650 | _aECUACIONES LINEALES | ||
| 650 | _aMATRICES | ||
| 650 | _aTRAZA | ||
| 650 | _aVECTORES | ||
| 650 | _aDIAGONALIZACIÓN | ||
| 650 | _aFORMAS CUADRÁTICAS | ||
| 942 |
_cBK _2ddc |
||
| 999 |
_c1899 _d1899 |
||